Debating the constitution : (Record no. 3565)

MARC details
000 -LEADER
fixed length control field 01301cam a2200361 a 4500
001 - CONTROL NUMBER
control field 3482138
003 - CONTROL NUMBER IDENTIFIER
control field OSt
005 - DATE AND TIME OF LATEST TRANSACTION
control field 20230704083959.0
008 - FIXED-LENGTH DATA ELEMENTS--GENERAL INFORMATION
fixed length control field 931222s1993 enk b 000 0 eng d
010 ## - LIBRARY OF CONGRESS CONTROL NUMBER
LC control number 93246406
020 ## - INTERNATIONAL STANDARD BOOK NUMBER
International Standard Book Number 0745611990
020 ## - INTERNATIONAL STANDARD BOOK NUMBER
International Standard Book Number 0745610811 (pbk.)
035 ## - SYSTEM CONTROL NUMBER
System control number (OCoLC)28806815
040 ## - CATALOGING SOURCE
Original cataloging agency UkCoU
Transcribing agency UkCoU
Modifying agency Uk
-- DLC
042 ## - AUTHENTICATION CODE
Authentication code lccopycat
043 ## - GEOGRAPHIC AREA CODE
Geographic area code e-uk---
050 00 - LIBRARY OF CONGRESS CALL NUMBER
Classification number KD3989.3
Item number .D43 1993
082 00 - DEWEY DECIMAL CLASSIFICATION NUMBER
Classification number 342.41/03
-- 344.1023
Edition number 20
Item number BAR
245 00 - TITLE STATEMENT
Title Debating the constitution :
Remainder of title new perspectives on constitutional reform /
Statement of responsibility, etc. edited by Anthony Barnett, Caroline Ellis, and Paul Hirst.
260 ## - PUBLICATION, DISTRIBUTION, ETC. (IMPRINT)
Place of publication, distribution, etc. Cambridge, UK :
Name of publisher, distributor, etc. Polity Press ;
Place of publication, distribution, etc. Oxford, UK ;
-- Cambridge, MA, USA :
Name of publisher, distributor, etc. Blackwell Publishers,
Date of publication, distribution, etc. 1993.
300 ## - PHYSICAL DESCRIPTION
Extent xix, 183 p. ;
Dimensions 23 cm.
500 ## - GENERAL NOTE
General note On cover: Charter 88.
504 ## - BIBLIOGRAPHY, ETC. NOTE
Bibliography, etc Includes bibliographies.
650 #0 - SUBJECT ADDED ENTRY--TOPICAL TERM
Topical term or geographic name as entry element Constitutional law
Geographic subdivision Great Britain.
650 #0 - SUBJECT ADDED ENTRY--TOPICAL TERM
Topical term or geographic name as entry element Law reform
Geographic subdivision Great Britain.
700 1# - ADDED ENTRY--PERSONAL NAME
Personal name Barnett, Anthony,
Dates associated with a name 1942-
700 1# - ADDED ENTRY--PERSONAL NAME
Personal name Ellis, Caroline.
700 1# - ADDED ENTRY--PERSONAL NAME
Personal name Hirst, Paul Q.
710 2# - ADDED ENTRY--CORPORATE NAME
Corporate name or jurisdiction name as entry element Charter 88 (Organization)
906 ## - LOCAL DATA ELEMENT F, LDF (RLIN)
a 7
b cbc
c copycat
d 2
e ncip
f 19
g y-gencatlg
942 ## - ADDED ENTRY ELEMENTS (KOHA)
Source of classification or shelving scheme Dewey Decimal Classification
Koha item type Books
Holdings
Withdrawn status Lost status Source of classification or shelving scheme Damaged status Not for loan Home library Current library Date acquired Total Checkouts Full call number Barcode Date last seen Price effective from Koha item type
    Dewey Decimal Classification     County Hall Archives County Hall Archives 07/04/2023   342.41/03 BAR 10001461 07/04/2023 07/04/2023 Books
    Dewey Decimal Classification     County Hall Archives County Hall Archives 07/04/2023   342.41/03 BAR 10000600 07/04/2023 07/04/2023 Books
    Dewey Decimal Classification     County Hall Archives County Hall Archives 07/04/2023   342.41/03 BAR 10000596 07/04/2023 07/04/2023 Books
LIBRARY OPENING HOURS

When the Parliament is sitting: 8.00a.m - 7.00p.m or until the house adjourns
Mondays and Fridays and when the House is on Recess:  8.00a.m - 5.00p.m
Closed on Weekends and Public Holidays

Online Public Access Catalog (OPAC)
Website: http://www.parliament.go.ke
Bunge Library: https://libraryir.parliament.go.ke
Contact: library@parliament.go.ke | Tel no: (254-2)2221291 or 2848000 Ext 5043